000 00344nam a22001337a 4500
008 210519b ||||| |||| 00| 0 eng d
041 _aeng
080 _a33
082 _a33
100 _a52
101 _aEKO
245 _aPublic Finance Restructuring for Sustainable Development in Emerging Market Economies
_cBradley,Th
942 _2udc
_cBK
999 _c57452
_d57452